000 00908nam a2200289 i 4500
003 EG-GICUC
005 20260421135922.0
008 260418b1975 us ||||fr|||| 001 0 eng d
040 _aEG-GiCUC
_beng
_cEG-GiCUC
_dEG-GiCUC
_erda
082 0 4 _221
_a343
_bCR . S.
092 0 4 _221
099 _aLaw1 10 343 CR . S. 3 ed 1975
100 1 _aH. Kadish , Sanford .
245 1 0 _aCriminal Law And Its Processes :
_bCases and Materials /
_cSanford H. Kadish.
250 _aThird Edition.
264 _aBoston :
_bLittle, Brown and Company,
_c1975.
300 _a1620 pages :
_c24 cm.
336 _2rda content
_atext
337 _2rda media
_aComputer
338 _2rda carrier
_aOnline Resource
500 _aIncludes index.
650 1 _aCriminal Science.
_2qrmak
651 1 _2qrmak
856 4 0 _uhttps://fll.law.cu.edu.eg/fulltext/bks/B10-9529.pdf
905 _a168
_eEman
942 _2ddc
_cBK
_e21
_n0
999 _c71614
_d71614